Football by Letter - O - Statistics

General Stats
  • This quiz has been taken 67 times
  • The average score is 10 of 17
Answer Stats
Hint Answer % Correct
Spanish team in La Liga that plays at El Sadar Osasuna
87%
The Theatre of Dreams Old Trafford
82%
Most expensive African goalkeeper Andre Onana
77%
FC Arsenal captain since 2022 Martin Odegaard
77%
Greek record champion Olympiacos Piräus
76%
Scored Brazil's only goal in the iconic 1-7 defeat to Germany Oscar
73%
Ballon d'OR Winner 2001/02 Michael Owen
69%
African Player of the Year 2022/23 Victor Osimhen
61%
Promoted to LaLiga in 2025 Real Oviedo
58%
Mexican who has participated in 6 World Cups Guillermo Ochoa
53%
Scored the winning goal in the 119th minute of the round of 16 and then won the World Cup with Germany Mesut Ozil
52%
He scored a goal as a substitute in the 2018/19 Champions League final Divock Origi
48%
SL Benfica captain since 2022 Nicolas Otamendi
47%
Host stadium of the 2014/2015 Champions League final Olympiastadion
37%
Colombia's record player David Ospina
27%
Laliga Player of the Year 2020/21 Jan Oblak
21%
A football skill was named after him. Jay-Jay Okocha
18%
No matching quizzes found
Score Distribution
Percent of People with Each Score
Percentile by Number Answered
Your Score History
You have not taken this quiz